Biblioteca

Hablar de salud en América Latina (Registro nro. 51917)

Detalles MARC
000 -LÍDER
Campo fijo de descripción fija 00911aab a2200205 i 4500
001 - NÚMERO DE CONTROL
Campo de control 768714001
003 - IDENTIFICADOR DEL NÚMERO DE CONTROL
Campo de control CO-MdFUSB
005 - FECHA Y HORA DE LA ULTIMA TRANSACCIÓN
control field 20240422113503.0
008 - ELEMENTOS DE LONGITUD FIJA -- INFORMACIÓN GENERAL
Campo fijo de descripción fija -- Información general 240408t1991ag |||||||| |||| 00| 0 spa d
040 ## - FUENTE DE CATALOGACIÓN
Idioma de catalogación spa
Agencia que realiza la transcripción CO-MdFUSB
041 ## - CÓDIGO DE IDIOMA
Código de idioma para texto/pista de sonido o título separado spa
100 1# - ASIENTO PRINCIPAL--NOMBRE PERSONAL
Nombre personal Marshall, Teresa
Término relacionador autor
245 ## - TÍTULO
Título Hablar de salud en América Latina
Mención de responsabilidad / Teresa Marshall
300 ## - DESCRIPCIÓN FÍSICA
Extensión Volumen 10, número 2 (abril - junio, 1991), páginas: 26 - 29
Dimensiones ; 27 cm
520 ## - NOTA DE RESUMEN, ETC.
Nota de sumario, etc. Este artículo está incluido en el informe de un seminario organizado en diciembre de 1986 por el CEAAL (Consejo de Educación de Adultos de América Latina), sobre "Salud y Educación Popular". Se publicó en Misión con autorización del editor.
650 #7 - ASIENTO SECUNDARIO DE MATERIA - TERMINO TEMÁTICO
Término temático o nombre geográfico como elemento de entrada Derechos humanos
9 (RLIN) 296
653 ## - TÉRMINO DE INDIZACIÓN - NO CONTROLADO
Término no controlado Salud pública
773 0# - ASIENTO DE ITEM FUENTE
Título Iglesia y Misión
Biblionumber 49402
Itemnumber 59664
Parte(s) relacionada(s) / Volumen., número. (mes año), páginas Volumen 10, número 2 (abril - junio, 1991), páginas: 26 - 29
Enumeración y primera página página: 26
942 ## - TIPO DE MATERIAL (KOHA)
Tipo de Item KOHA Artículos de Revista

No hay ítems disponibles.

Biblioteca FUSBC | Teléfono: (57+4) 349 88 10 Ext. 141| WhatsApp (+57) 3005338115 
E-mail: biblioteca@unisbc.edu.co | Calle 76 87-14 Robledo Palenque, Medellín, Colombia

Con tecnología Koha